Bosnian: numbers 0 - 10 - Statistics

General Stats
  • This quiz has been taken 59 times
    38 since last reset
  • The average score is 10 of 11
Answer Stats
Bosnian % Correct
1 jedan
100%
3 tri
100%
2 dva
96%
5 pet
93%
9 devet
89%
0 nula
89%
8 osam
89%
4 četiri
86%
10 deset
86%
7 sedam
82%
6 šest
82%
No matching quizzes found
Score Distribution
Percent of People with Each Score
Percentile by Number Answered
Your Score History
You have not taken this quiz since the last reset